[Event "Open Est 2015-2016"]
[Site "Aubagne"]
[Date "2015.09.26"]
[Round "1.27"]
[White "Benezra, Ruthy"]
[Black "Yahia-Amar, Hocine"]
[Result "1-0"]
[WhiteElo "1363"]
[BlackElo "1120"]
[PlyCount "47"]
[EventDate "2015.10.10"]
[WhiteTeam "L'Echiquier du Roy René"]
[BlackTeam "L'Echiquier du Roy René"]

1. e4 e5 2. Nf3 Nc6 3. Bc4 Nh6 4. d4 Ng4 5. h3 Nf6 6. dxe5 Nxe4 7. Qd5 Qe7 8.
Qxe4 d6 9. O-O f6 10. Qd5 Be6 11. Qxe6 Qxe6 12. Bxe6 fxe5 13. Bg5 h6 14. Be3 e4
15. Nd4 Nd8 16. Bd5 c5 17. Nb5 Kd7 18. N1c3 a6 19. Na3 Rb8 20. Bxe4 b5 21. Nd5
b4 22. Nc4 g5 23. Rad1 Rg8 24. Nf6+ 1-0

[Event "Open Est 2015-2016"]
[Site "Aubagne"]
[Date "2015.09.26"]
[Round "1.28"]
[White "Auroux, William"]
[Black "Benezra, Silke"]
[Result "1-0"]
[WhiteElo "1099"]
[BlackElo "1361"]
[PlyCount "132"]
[EventDate "2015.10.10"]
[WhiteTeam "Club Provence Echecs"]
[BlackTeam "L'Echiquier du Roy René"]

1. e4 e5 2. Nf3 Nc6 3. d4 exd4 4. Nxd4 Bc5 5. Nxc6 bxc6 6. Bc4 d6 7. Nc3 Nf6 8.
O-O O-O 9. Bg5 Be6 10. Bxe6 fxe6 11. Re1 Qd7 12. e5 Nd5 13. Bh4 Rab8 14. Nxd5
cxd5 15. Rb1 Rf5 16. exd6 Bxd6 17. b3 Rbf8 18. Re2 Qf7 19. Qd2 Rh5 20. Bg3 Bxg3
21. fxg3 Rf5 22. Qe1 Re8 23. Rf2 Rxf2 24. Qxf2 Qxf2+ 25. Kxf2 e5 26. Re1 g5 27.
Ke3 g4 28. Kd3 Kf7 29. c4 c6 30. Re2 a5 31. Kc3 d4+ 32. Kd3 c5 33. Ke4 Ke6 34.
Rf2 Kd6 35. Rf1 Re7 36. Rf5 Ke6 37. Rg5 Rd7 38. Rxe5+ Kd6 39. Rg5 Re7+ 40. Kd3
Re3+ 41. Kd2 Re4 42. Rg7 h5 43. Ra7 Ke6 44. Rxa5 Re5 45. Ra8 Re3 46. Re8+ Kd6
47. Rxe3 dxe3+ 48. Kxe3 Ke5 49. a4 Kd6 50. Kd3 Kc6 51. Kc3 Kb6 52. b4 cxb4+ 53.
Kxb4 Kc6 54. a5 h4 55. gxh4 g3 56. hxg3 Kb7 57. Kb5 Kc7 58. a6 Kb8 59. Kb6 Ka8
60. c5 Kb8 61. c6 Ka8 62. h5 Kb8 63. c7+ Kc8 64. a7 Kd7 65. a8=Q Ke7 66. Qd5
Kf6 1-0

[Event "Open Est 2015-2016"]
[Site "Aubagne"]
[Date "2015.09.26"]
[Round "1.29"]
[White "Ulloa, Philippe"]
[Black "Tramarin, Mattteo"]
[Result "1-0"]
[WhiteElo "1357"]
[BlackElo "1099"]
[PlyCount "49"]
[EventDate "2015.10.10"]
[WhiteTeam "Le Gambit Marseillais"]
[BlackTeam "Cercle d'Echecs Aubagnais"]

1. d4 e6 2. a3 Nc6 3. c4 Nf6 4. Nc3 Bd6 5. e4 Na5 6. e5 Be7 7. exf6 Bxf6 8. Be3
Nxc4 9. Bxc4 c6 10. Nf3 Qc7 11. O-O O-O 12. Ne4 Be7 13. Qd2 Qb6 14. d5 exd5 15.
Bxb6 h6 16. Be3 g5 17. Nexg5 hxg5 18. Nxg5 Bd6 19. Bd3 Re8 20. Nh7 Be7 21. Rfe1
f6 22. Bh6 Kf7 23. Qf4 Rh8 24. Qg4 Bc5 25. Qg7# 1-0

[Event "Open Est 2015-2016"]
[Site "Aubagne"]
[Date "2015.09.26"]
[Round "1.30"]
[White "Belaid, Noa"]
[Black "Yahia Amar, Clement"]
[Result "0-1"]
[WhiteElo "1090"]
[BlackElo "1350"]
[PlyCount "78"]
[EventDate "2015.10.10"]
[WhiteTeam "Club Provence Echecs"]
[BlackTeam "L'Echiquier du Roy René"]

1. e4 e5 2. Nf3 Nc6 3. Bc4 Bc5 4. Nc3 Nf6 5. O-O d6 6. d3 Bg4 7. h3 Bh5 8. g4
Nxg4 9. hxg4 Bxg4 10. Re1 Nd4 11. Re3 Qf6 12. Nd5 Qg6 13. Kf1 Qh5 14. Ke1 Bxf3
15. Rxf3 Qh1+ 16. Kd2 Nxf3+ 17. Qxf3 Qxf3 18. a3 Bd4 19. Nxc7+ Kd7 20. Nxa8
Qxf2+ 21. Kd1 Rf8 22. c3 Qf1+ 23. Kc2 Be3 24. b3 Qe2+ 25. Kb1 Qe1 26. Kb2 Bxc1+
27. Rxc1 Qh4 28. Rf1 f5 29. d4 Qg5 30. Rf2 Rf6 31. Bd3 fxe4 32. Rxf6 Qxf6 33.
Bxe4 Qf2+ 34. Kb1 Qe1+ 35. Kb2 Qxe4 36. a4 Kc8 37. a5 Kb8 38. Nb6 axb6 39. axb6
g5 0-1

[Event "Open Est 2015-2016"]
[Site "Aubagne"]
[Date "2015.09.26"]
[Round "1.31"]
[White "Jacques"]
[Black "Timoner, Genevieve"]
[Result "0-1"]
[WhiteElo "1344"]
[BlackElo "1050"]
[PlyCount "78"]
[EventDate "2015.10.10"]
[WhiteTeam "Cercle d'Echecs Aubagnais"]
[BlackTeam "Club d'Echecs Pennois (CEP)"]

1. Nf3 c5 2. e3 Nc6 3. d4 cxd4 4. exd4 d6 5. c4 Nf6 6. Nc3 g6 7. Be2 Bg7 8. O-O
O-O 9. b3 Bd7 10. Bb2 a6 11. Rb1 Rb8 12. a3 Na7 13. b4 b5 14. c5 d5 15. Ne5 e6
16. Qc2 Nc6 17. Nxc6 Bxc6 18. Bc1 Ne4 19. Be3 e5 20. Rbd1 Nxc3 21. Qxc3 Qe7 22.
Rfe1 Rbc8 23. Qd2 e4 24. Bh6 Qf6 25. Bg4 Rce8 26. Bxg7 Kxg7 27. Re3 h5 28. Rh3
Rh8 29. Be2 Bd7 30. Rg3 Rh6 31. Rg5 Reh8 32. Rxd5 Bg4 33. Re1 Qe6 34. Re5 Qb3
35. Rxe4 Qxa3 36. d5 Bf5 37. Re3 Qxe3 38. Qxe3 h4 39. Qe5+ Kg8 0-1

[Event "Open Est 2015-2016"]
[Site "Aubagne"]
[Date "2015.09.26"]
[Round "1.32"]
[White "Berteaud, Esteban"]
[Black "Lognos, Lina"]
[Result "1/2-1/2"]
[WhiteElo "1340"]
[BlackElo "1088"]
[PlyCount "100"]
[EventDate "2015.10.10"]
[WhiteTeam "L'Echiquier du Roy René"]
[BlackTeam "Cercle d'Echecs Aubagnais"]

1. e4 c5 2. Nf3 Nc6 3. Bc4 d6 4. d3 g6 5. O-O Bg7 6. Be3 Nf6 7. Nc3 O-O 8. d4
Nxe4 9. Nxe4 d5 10. Bxd5 Qxd5 11. Nc3 Qd6 12. Nb5 Qd8 13. Bf4 cxd4 14. Bc7 Qd7
(14... Qd5 {un peu mieux}) 15. Qd2 Ne5 16. Nxe5 Bxe5 17. Bxe5 Qxb5 18. Qxd4 Be6
19. Qh4 Qxe5 20. Qxe7 Qxb2 21. Rfd1 Bf5 22. c4 Bc2 23. Rf1 Bd3 24. Rfc1 Bxc4
25. Qc5 Bxa2 26. Qa5 Rac8 27. Re1 a6 28. Red1 Rfe8 29. h3 Bb3 30. Rdb1 Qc3 31.
Qxc3 Rxc3 32. Ra3 Bc2 33. Rxc3 Bxb1 34. Rb3 Be4 35. Rxb7 Bxb7 36. g4 a5 37. Kh2
a4 38. f4 a3 39. Kg3 a2 40. h4 a1=Q 41. g5 Qe1+ 42. Kg4 Bc8+ 43. Kf3 Qe3+ 44.
Kg2 Qh3+ 45. Kf2 Qe3+ 46. Kg2 Qh3+ 47. Kf2 Qe3+ 48. Kg2 Bb7+ 49. Kh2 Qxf4+ 50.
Kg1 Re3 1/2-1/2

[Event "Open Est 2015-2016"]
[Site "Aubagne"]
[Date "2015.09.26"]
[Round "1.33"]
[White "Denis, Alexandra"]
[Black "De Carvalho Massabo, Raphael"]
[Result "0-1"]
[WhiteElo "1060"]
[BlackElo "1340"]
[PlyCount "94"]
[EventDate "2015.10.10"]
[WhiteTeam "Marseille Passion Echecs"]
[BlackTeam "Marseille Passion Echecs"]

1. e4 e5 2. Nf3 d6 3. Nc3 Be6 4. Bb5+ c6 5. Ba4 Be7 6. O-O Nd7 7. d3 Qc7 8. Be3
a6 9. Bb3 O-O-O 10. Bxe6 fxe6 11. Ng5 Bxg5 12. Bxg5 Ngf6 13. Rb1 h6 14. Bxf6
Nxf6 15. Qd2 Rhf8 16. f4 exf4 17. Rxf4 e5 18. Rf2 Qb6 19. h3 Rd7 20. b3 Rdf7
21. Rbf1 Nd7 22. Na4 Qd4 23. c3 Qa7 24. d4 Rxf2 25. Rxf2 exd4 26. Rxf8+ Nxf8
27. Qxd4 Qxd4+ 28. cxd4 b5 29. Nc3 Ne6 30. d5 cxd5 31. Nxd5 Ng5 32. Ne7+ Kd7
33. Nf5 g6 34. Nxh6 Nxe4 35. Kf1 Nc3 36. a3 Nb1 37. a4 Nd2+ 38. Ke2 Nxb3 39.
axb5 axb5 40. Kd3 Nc5+ 41. Kc3 d5 42. Ng4 Kd6 43. Ne3 Ke5 44. Kb4 d4 45. Nd1
Ne4 46. Kxb5 Nc3+ 47. Nxc3 dxc3 0-1

[Event "Open Est 2015-2016"]
[Site "Aubagne"]
[Date "2015.09.26"]
[Round "1.34"]
[White "Rasolo, Loick"]
[Black "Gianfranceschi, Gerard"]
[Result "1-0"]
[WhiteElo "1338"]
[BlackElo "1040"]
[PlyCount "71"]
[EventDate "2015.10.10"]
[WhiteTeam "Marseille Passion Echecs"]
[BlackTeam "Cercle d'Echecs Aubagnais"]

1. e4 e5 2. Nf3 d6 3. d4 Nc6 4. dxe5 dxe5 5. Qxd8+ Kxd8 6. Bb5 Nf6 7. Bxc6 bxc6
8. Nxe5 Nxe4 9. Nxf7+ Ke7 10. Nxh8 Ba6 11. f3 Nd6 12. Bg5+ Ke8 13. Nd2 Be7 14.
Bxe7 Kxe7 15. Ng6+ hxg6 16. O-O-O g5 17. Rde1+ Kf6 18. Ne4+ Kf5 19. Nxd6+ cxd6
20. Re7 Kf6 21. Rhe1 Kg6 22. R1e6+ Kh7 23. Rxd6 Bc4 24. Rxc6 Bd5 25. Rcc7 Rg8
26. c4 Bxc4 27. Rxc4 Kg6 28. Rxa7 Re8 29. Rcc7 Re1+ 30. Kd2 Rg1 31. Rxg7+ Kh5
32. g4+ Rxg4 33. fxg4+ Kxg4 34. b4 Kh3 35. Rxg5 Kxh2 36. Rh7# 1-0

[Event "Open Est 2015-2016"]
[Site "Aubagne"]
[Date "2015.09.26"]
[Round "1.35"]
[White "Yahia Amar, Pierre"]
[Black "Zajaczkowski, Danielle"]
[Result "0-1"]
[WhiteElo "1040"]
[BlackElo "1337"]
[PlyCount "54"]
[EventDate "2015.10.10"]
[WhiteTeam "L'Echiquier du Roy René"]
[BlackTeam "ASPTT Marseille"]

1. e4 e5 2. Nf3 d6 3. Nc3 Be7 4. d3 Nf6 5. Nd5 Nxd5 6. exd5 O-O 7. Nh4 Bxh4 8.
Be2 Nd7 9. O-O Nb6 10. Bf3 Bg5 11. a4 Bxc1 12. Qxc1 Qe8 13. Qg5 Nxa4 14. Rfe1
Bd7 15. Bh5 Qd8 16. Qg3 Nb6 17. d4 f6 18. dxe5 fxe5 19. Ra3 Nxd5 20. Rf3 Nf4
21. Ree3 Nxh5 22. Rf5 Nxg3 23. fxg3 Rxf5 24. g4 Rf7 25. Re1 Bxg4 26. c4 a5 27.
b3 Be6 0-1

[Event "Open Est 2015-2016"]
[Site "Aubagne"]
[Date "2015.09.26"]
[Round "1.36"]
[White "Mineo, Francois"]
[Black "Salvi, Angele"]
[Result "1-0"]
[WhiteElo "1324"]
[BlackElo "1030"]
[PlyCount "79"]
[EventDate "2015.10.10"]
[WhiteTeam "Cassis Echecs"]
[BlackTeam "Cercle d'Echecs Aubagnais"]

1. e4 c5 2. Nf3 d6 3. Nc3 Nc6 4. Bc4 e6 5. d3 Nf6 6. Bb5 Bd7 7. b3 Nd4 8. Bxd7+
Nxd7 9. Nxd4 cxd4 10. Ne2 e5 11. O-O Rc8 12. Bd2 Be7 13. f4 O-O 14. f5 Nf6 15.
Ng3 h6 16. Nh5 Nxh5 17. Qxh5 Bg5 18. Bxg5 Qxg5 19. Qxg5 hxg5 20. Rac1 f6 21.
Kf2 Kh7 22. Ke2 Kh6 23. g4 g6 24. Kd2 Kg7 25. c3 dxc3+ 26. Rxc3 Rxc3 27. Kxc3
Rc8+ 28. Kb2 Rh8 29. Rf2 Rh3 30. Rc2 b5 31. Rc7+ Kh6 32. Rxa7 Rxd3 33. fxg6
Rd2+ 34. Kc3 Rxh2 35. Rh7+ Kxg6 36. Rxh2 f5 37. exf5+ Kg7 38. a4 bxa4 39. bxa4
d5 40. a5 1-0

[Event "Open Est 2015-2016"]
[Site "Aubagne"]
[Date "2015.09.26"]
[Round "1.37"]
[White "Sid, Alexander"]
[Black "Roux, Jean-Marie"]
[Result "0-1"]
[WhiteElo "1020"]
[BlackElo "1319"]
[PlyCount "46"]
[EventDate "2015.10.10"]
[WhiteTeam "Club Provence Echecs"]
[BlackTeam "L'Echiquier du Roy René"]

1. e4 e5 2. Nf3 Nc6 3. Bc4 Be7 4. d3 Nf6 5. b3 O-O 6. Bb2 d6 7. Nbd2 Bg4 8. O-O
Qd7 9. Bb5 a6 10. Bxc6 bxc6 11. c4 c5 12. Rb1 Nh5 13. Bc3 Nf4 14. g3 Bh3 15.
Re1 Nxd3 16. Re3 Nf4 17. Nh4 Bxh4 18. gxh4 Bg4 19. Nf3 Bh5 20. Kf1 Qh3+ 21. Ke1
Ng2+ 22. Ke2 Nxe3 23. Kxe3 Rad8 0-1

[Event "Open Est 2015-2016"]
[Site "Aubagne"]
[Date "2015.09.26"]
[Round "1.38"]
[White "Rieu, Jean"]
[Black "Auguste, Yvan"]
[Result "1-0"]
[WhiteElo "1310"]
[BlackElo "1010"]
[PlyCount "41"]
[EventDate "2015.10.10"]
[WhiteTeam "U.S.C.M."]
[BlackTeam "Cercle d'Echecs Aubagnais"]

1. Nf3 Nc6 2. e4 d6 3. d4 e6 4. Bd3 h6 5. O-O a6 6. Nc3 Rb8 7. Re1 Nf6 8. d5
exd5 9. exd5+ Be7 10. dxc6 bxc6 11. b3 O-O 12. Bb2 d5 13. Ne5 Rb6 14. Na4 Rb4
15. Nxc6 Rb7 16. Nxd8 Rxd8 17. Rxe7 Ng4 18. Nc5 Rb6 19. Qe1 Rc6 20. Re8+ Rxe8
21. Qxe8# 1-0

[Event "Open Est 2015-2016"]
[Site "Aubagne"]
[Date "2015.09.26"]
[Round "1.39"]
[White "Pentcheff, Julie"]
[Black "Moerenhout, Jean Claude"]
[Result "0-1"]
[WhiteElo "1010"]
[BlackElo "1300"]
[PlyCount "42"]
[EventDate "2015.10.10"]
[WhiteTeam "Cassis Echecs"]
[BlackTeam "Cercle d'Echecs Aubagnais"]

1. e4 e5 2. d3 Nc6 3. Bd2 Bc5 4. Nf3 d6 5. Be2 Nf6 6. Nc3 Ng4 7. O-O O-O 8. h3
Nf6 9. d4 exd4 10. Nd5 Nxe4 11. Bd3 Nxd2 12. Qxd2 Be6 13. Rfe1 Bxd5 14. c3 Re8
15. Rf1 Bxf3 16. gxf3 Ne5 17. Bf5 Nxf3+ 18. Kh1 Nxd2 19. Rg1 Qh4 20. Rg4 Qxh3+
21. Kg1 Nf3# 0-1

[Event "Open Est 2015-2016"]
[Site "Aubagne"]
[Date "2015.09.26"]
[Round "1.40"]
[White "Sautreuil, Celia"]
[Black "Naam, Shedy"]
[Result "1-0"]
[WhiteElo "1299"]
[BlackElo "1009"]
[PlyCount "20"]
[EventDate "2015.10.10"]
[BlackTeam "Cassis Echecs"]

1. e4 e5 2. Nc3 Nf6 3. d3 Bb4 4. g3 Bxc3+ 5. bxc3 d6 6. Bg2 Be6 7. Nf3 O-O 8.
O-O Qe8 9. Ng5 Qb5 10. Nh3 Qc5 1-0

[Event "Open Est 2015-2016"]
[Site "Aubagne"]
[Date "2015.09.26"]
[Round "2.1"]
[White "Panagiotopoulos, Christos"]
[Black "Roche, Alain"]
[Result "1-0"]
[WhiteElo "1751"]
[BlackElo "1390"]
[PlyCount "92"]
[EventDate "2015.10.10"]
[WhiteTeam "Le Gambit Marseillais"]
[BlackTeam "Echiquier Marseillais 1872"]

1. e4 e6 2. d3 d5 3. Nd2 d4 4. f4 Nc6 5. Ngf3 Bc5 6. g3 Nf6 7. Bh3 h5 8. a4 Bd7
9. Nc4 Bb4+ 10. Bd2 Bxd2+ 11. Qxd2 Ng4 12. b3 a5 13. Bxg4 hxg4 14. Nce5 Ne7 15.
Nxg4 f5 16. Nge5 Nc6 17. exf5 Nxe5 18. Nxe5 Qf6 19. Nxd7 Kxd7 20. fxe6+ Qxe6+
21. Qe2 Qd5 22. O-O Rae8 23. Qg4+ Kd8 24. Qg5+ Qxg5 25. fxg5 Re2 26. h4 Rhe8
27. Rf2 R2e3 28. Kg2 c5 29. Raf1 b6 30. Rf7 g6 31. R7f6 Rg8 32. Rxb6 Kc7 33.
Ra6 Kb7 34. Rxa5 Rge8 35. Rxc5 R8e6 36. b4 Kb6 37. Rf6 Re2+ 38. Kf3 R2e3+ 39.
Kg4 Re2 40. a5+ Kb7 41. b5 Kb8 42. a6 Ka7 43. Rxe6 Rxe6 44. Rc6 Re5 45. Rxg6
Rxb5 46. Rd6 Rb2 1-0

[Event "Open Est 2015-2016"]
[Site "Aubagne"]
[Date "2015.09.26"]
[Round "2.2"]
[White "Yahia Amar, Clement"]
[Black "Deregnaucourt, Yves"]
[Result "0-1"]
[WhiteElo "1350"]
[BlackElo "1728"]
[PlyCount "64"]
[EventDate "2015.10.10"]
[WhiteTeam "L'Echiquier du Roy René"]
[BlackTeam "ASPTT Marseille"]

1. e4 e5 2. Nf3 Nc6 3. Bc4 Bc5 4. d3 Nf6 5. Nc3 d6 6. Bg5 h6 7. Be3 Bb6 8. h3
Be6 9. Bb3 Ne7 10. Ne2 Ng6 11. Ng3 c6 12. O-O Qd7 13. c4 d5 14. cxd5 cxd5 15.
Qe1 O-O 16. Qb4 d4 17. Bxe6 Qxe6 18. Bd2 Ne7 19. Qb5 Nc6 20. Rac1 Nd7 21. Nh2
a6 22. Qc4 Qg6 23. f4 Qxg3 24. Rf3 Qh4 25. Qd5 Qe7 26. fxe5 Ncxe5 27. Rg3 Rfd8
28. Qb3 Bc7 29. Kh1 Kh7 30. Qd1 Ng6 31. Rf3 Qd6 32. Ng4 h5 0-1

[Event "Open Est 2015-2016"]
[Site "Aubagne"]
[Date "2015.09.26"]
[Round "2.3"]
[White "Gomez, Guy"]
[Black "Benezra, Ruthy"]
[Result "1-0"]
[WhiteElo "1671"]
[BlackElo "1363"]
[PlyCount "59"]
[EventDate "2015.10.10"]
[WhiteTeam "Cercle d'Echecs Aubagnais"]
[BlackTeam "L'Echiquier du Roy René"]

1. e4 c5 2. Nf3 Nc6 3. d4 cxd4 4. Nxd4 Nf6 5. Nc3 e5 6. Nf3 Bb4 7. Bd2 Bxc3 8.
Bxc3 Nxe4 9. Bxe5 Nxe5 10. Qe2 f5 11. O-O-O Qa5 12. Nxe5 Qxa2 13. c3 Qa1+ 14.
Kc2 Qa4+ 15. Kb1 O-O 16. Qc4+ Qxc4 17. Bxc4+ Kh8 18. Rd4 d6 19. Nf7+ Kg8 20.
Nxd6+ Kh8 21. Nf7+ Kg8 22. Ne5+ Kh8 23. f3 Ng5 24. Rhd1 Ne6 25. Rh4 Rf6 26. Nd3
g5 27. Rh3 f4 28. Nc5 Nxc5 29. Rd8+ Kg7 30. Rg8# 1-0

[Event "Open Est 2015-2016"]
[Site "Aubagne"]
[Date "2015.09.26"]
[Round "2.4"]
[White "De Carvalho Massabo, Raphael"]
[Black "Telouk, Olivier"]
[Result "0-1"]
[WhiteElo "1340"]
[BlackElo "1645"]
[PlyCount "40"]
[EventDate "2015.10.10"]
[WhiteTeam "Marseille Passion Echecs"]
[BlackTeam "Cassis Echecs"]

1. e4 c5 2. d3 d6 3. Be3 Nc6 4. c3 Nf6 5. h3 g6 6. Be2 Bg7 7. Nd2 O-O 8. Qc2
Bd7 9. O-O-O Rc8 10. Nb3 a5 11. d4 a4 12. Nd2 cxd4 13. Bg5 dxc3 14. bxc3 Nd4
15. Qd3 Rxc3+ 16. Qxc3 Nxe2+ 17. Nxe2 Nxe4 18. Qe3 Nxg5 19. Qxg5 Qb6 20. Ne4
Qb2# 0-1

[Event "Open Est 2015-2016"]
[Site "Aubagne"]
[Date "2015.09.26"]
[Round "2.5"]
[White "Benezra, Esther"]
[Black "Ulloa, Philippe"]
[Result "1-0"]
[WhiteElo "1619"]
[BlackElo "1357"]
[PlyCount "77"]
[EventDate "2015.10.10"]
[WhiteTeam "L'Echiquier du Roy René"]
[BlackTeam "Le Gambit Marseillais"]

1. e4 e5 2. Nf3 d6 3. d4 exd4 4. Nxd4 c5 5. Bb5+ Bd7 6. Bxd7+ Qxd7 7. Nf5 Nf6
8. Nc3 a6 9. O-O Nc6 10. Bg5 Qe6 11. Re1 Rd8 12. Nd5 Rd7 13. Qf3 Ne5 14. Qc3
Nxd5 15. Nxd6+ Bxd6 16. exd5 Qf5 17. f4 f6 18. fxe5 fxe5 19. Be3 O-O 20. Rf1
Qh5 21. Rxf8+ Kxf8 22. Bxc5 Qe8 23. Re1 Kg8 24. Bxd6 Rxd6 25. Qxe5 Qg6 26. c4
b6 27. Qe8+ Qxe8 28. Rxe8+ Kf7 29. Rc8 Ke7 30. Rc7+ Kf6 31. Kf2 h5 32. Ke3 g6
33. Kd4 Kg5 34. Rc6 Rf6 35. Rxf6 Kxf6 36. b4 Ke7 37. c5 b5 38. d6+ Ke6 39. h4
1-0

[Event "Open Est 2015-2016"]
[Site "Aubagne"]
[Date "2015.09.26"]
[Round "2.6"]
[White "Sage, Jean-Claude"]
[Black "Rasolo, Loick"]
[Result "1-0"]
[WhiteElo "1582"]
[BlackElo "1338"]
[PlyCount "41"]
[EventDate "2015.10.10"]
[WhiteTeam "Echiquier Marseillais 1872"]
[BlackTeam "Marseille Passion Echecs"]

1. e4 e5 2. Nc3 Nf6 3. f4 d5 4. fxe5 Nxe4 5. Nf3 Be7 6. Qe2 Nxc3 7. dxc3 c6 8.
Bf4 Be6 9. Nd4 O-O 10. Qh5 c5 11. Nxe6 fxe6 12. Qg4 Qd7 13. O-O-O h6 14. Bxh6
Rf7 15. Bd3 g5 16. Qh5 Bf8 17. Qxg5+ Bg7 18. Qg6 Nc6 19. Qh7+ Kf8 20. Bxg7+
Rxg7 21. Rdf1+ 1-0

[Event "Open Est 2015-2016"]
[Site "Aubagne"]
[Date "2015.09.26"]
[Round "2.8"]
[White "Cavanihac, Claude"]
[Black "Mineo, Francois"]
[Result "0-1"]
[WhiteElo "1532"]
[BlackElo "1324"]
[PlyCount "64"]
[EventDate "2015.10.10"]
[WhiteTeam "Cercle d'Echecs Aubagnais"]
[BlackTeam "Cassis Echecs"]

1. e4 Nf6 2. Nc3 d5 3. exd5 Nxd5 4. Nxd5 Qxd5 5. Qf3 c6 6. b3 Qe5+ 7. Ne2 Qxa1
8. g3 Qf6 9. Qe3 Bf5 10. Nd4 Nd7 11. Bg2 Bg6 12. f4 e5 13. O-O O-O-O 14. fxe5
Qxe5 15. Qxe5 Nxe5 16. Nf3 Nxf3+ 17. Rxf3 Bc5+ 18. Kh1 Rhe8 19. Bh3+ Kb8 20. d4
Be4 21. Kg2 Bxf3+ 22. Kxf3 Rxd4 23. Bf5 Rd1 24. Bf4+ Bd6 25. Bxd6+ Rxd6 26. Be4
Rf6+ 27. Kg2 Rfe6 28. Kf2 f5 29. h4 Rf8 30. Kf3 f4 31. gxf4 Ref6 32. f5 Rxf5+
0-1

[Event "Open Est 2015-2016"]
[Site "Aubagne"]
[Date "2015.09.26"]
[Round "2.9"]
[White "Hunault, Francis"]
[Black "Vicari-Vento, Salvatore"]
[Result "1/2-1/2"]
[WhiteElo "1378"]
[BlackElo "1515"]
[PlyCount "70"]
[EventDate "2015.10.10"]
[WhiteTeam "Cercle d'Echecs Aubagnais"]
[BlackTeam "Cercle d'Echecs Aubagnais"]

1. d4 d6 2. c4 Nf6 3. Nc3 g6 4. e4 Bg7 5. Nf3 O-O 6. Bg5 h6 7. Bh4 a5 8. Bd3
Nbd7 9. e5 dxe5 10. dxe5 Nh7 11. Bg3 e6 12. O-O Nc5 13. Bc2 c6 14. Qe2 Qc7 15.
Rad1 Rd8 16. Rxd8+ Qxd8 17. Rd1 Qc7 18. Qe3 Nd7 19. h4 Nhf8 20. Ne2 Qb6 21.
Qxb6 Nxb6 22. b3 Nbd7 23. Nc3 Nc5 24. Ne4 Nxe4 25. Bxe4 Rb8 26. Nd4 Nd7 27. f4
Nc5 28. Bc2 Bd7 29. Bf2 Na6 30. Nf3 Be8 31. Bb6 a4 32. Rd8 Rxd8 33. Bxd8 axb3
34. axb3 Bf8 35. Nd2 Bc5+ 1/2-1/2

[Event "Open Est 2015-2016"]
[Site "Aubagne"]
[Date "2015.09.26"]
[Round "2.10"]
[White "Konate, Salma"]
[Black "Roux, Jean-Marie"]
[Result "1-0"]
[WhiteElo "1490"]
[BlackElo "1319"]
[PlyCount "87"]
[EventDate "2015.10.10"]
[WhiteTeam "Marseille Passion Echecs"]
[BlackTeam "L'Echiquier du Roy René"]

1. e4 e5 2. Bc4 Nf6 3. d3 Be7 4. Nf3 Nc6 5. c3 O-O 6. Nbd2 d6 7. O-O Bg4 8. b4
Qd7 9. Qb3 Nh5 10. d4 exd4 11. cxd4 Nf4 12. d5 Ne5 13. Nxe5 dxe5 14. Bb2 Bf6
15. a4 Rad8 16. Nf3 Rde8 17. Rfd1 a6 18. b5 axb5 19. Bxb5 c6 20. dxc6 Qc7 21.
cxb7 Qxb7 22. Qe3 Rc8 23. h3 Bh5 24. Rd7 Qb8 25. Ba3 Rfe8 26. Bd6 Nd5 27. exd5
Qa8 28. Rd1 Qa5 29. Ra7 Qd8 30. Bxe8 Qxe8 31. g4 Bg6 32. Nxe5 Bc2 33. Rc1 h6
34. Nxf7 Qxe3 35. fxe3 Rc3 36. Rc7 Rxc7 37. Bxc7 Bxa4 38. Nd8 Bd7 39. e4 Bd4+
40. Kg2 Kf8 41. e5 Ke7 42. d6+ Ke8 43. e6 Ba4 44. Rc4 1-0

[Event "Open Est 2015-2016"]
[Site "Aubagne"]
[Date "2015.09.26"]
[Round "2.11"]
[White "Moerenhout, Jean Claude"]
[Black "Bohli, Adam"]
[Result "0-1"]
[WhiteElo "1300"]
[BlackElo "1460"]
[PlyCount "40"]
[EventDate "2015.10.10"]
[WhiteTeam "Cercle d'Echecs Aubagnais"]
[BlackTeam "Marseille Echecs"]

1. d4 Nf6 2. Nf3 g6 3. Bg5 Ne4 4. Bf4 c5 5. e3 Nc6 6. Bd3 Nf6 7. O-O Bg7 8. c3
cxd4 9. exd4 O-O 10. Qc1 d6 11. Bh6 Bg4 12. Nbd2 Bxh6 13. Qd1 e5 14. Ne4 d5 15.
Nxf6+ Qxf6 16. dxe5 Nxe5 17. Be2 Nxf3+ 18. Bxf3 Bxf3 19. gxf3 Qh4 20. Qd4 Bf4
0-1

[Event "Open Est 2015-2016"]
[Site "Aubagne"]
[Date "2015.09.26"]
[Round "2.12"]
[White "Shah, Marmik"]
[Black "Cotton, Paul"]
[Result "0-1"]
[WhiteElo "1218"]
[BlackElo "1455"]
[PlyCount "94"]
[EventDate "2015.10.10"]
[WhiteTeam "L'Echiquier du Roy René"]
[BlackTeam "Cercle d'Echecs Aubagnais"]

1. e4 c5 2. Nf3 d6 3. d4 cxd4 4. Nxd4 Nf6 5. Nc3 g6 6. Be3 Bg7 7. f3 O-O 8. Qd2
Re8 9. O-O-O Nc6 10. Bc4 Bd7 11. h4 h5 12. Rdf1 Ne5 13. Bb3 Rc8 14. Nde2 Nc4
15. Bxc4 Rxc4 16. Bh6 Bh8 17. Be3 Qa5 18. a3 Rec8 19. Bd4 Be6 20. Rhg1 b5 21.
Kd1 b4 22. axb4 Qxb4 23. Qc1 Rxd4+ 24. Nxd4 Qxd4+ 25. Qd2 Qb4 26. Nb1 Qxb2 27.
Qc1 Qd4+ 28. Qd2 Qc5 29. c3 Nd7 30. Qc2 Rb8 31. Ke1 Qe3+ 32. Kd1 Bb3 33. Qxb3
Rxb3 34. Nd2 Qd3 35. Ke1 Bxc3 36. Kf2 Qxd2+ 37. Kg3 Be5+ 38. Kh3 Qf4 39. g3
Rxf3 40. Rxf3 Qxf3 41. Rg2 Nf6 42. Rg1 Nxe4 43. Rg2 Nxg3 44. Kh2 Nf1+ 45. Kg1
Bd4+ 46. Kh1 Qh3+ 47. Rh2 Qxh2# 0-1

[Event "Open Est 2015-2016"]
[Site "Aubagne"]
[Date "2015.09.26"]
[Round "2.13"]
[White "Gamblin, Vincent"]
[Black "Rieu, Jean"]
[Result "1-0"]
[WhiteElo "1442"]
[BlackElo "1310"]
[PlyCount "39"]
[EventDate "2015.10.10"]
[WhiteTeam "Marseille Echecs"]
[BlackTeam "U.S.C.M."]

1. e4 b6 2. d4 e6 3. Nc3 Bb7 4. Nf3 Bb4 5. Bd3 Nf6 6. O-O Bxc3 7. bxc3 Nxe4 8.
Bxe4 Bxe4 9. Bg5 f6 10. Bh4 d6 11. Re1 Bd5 12. Qe2 Qe7 13. c4 Bxc4 14. Qxc4 d5
15. Qe2 Kd7 16. c4 Qd6 17. Bg3 Qc6 18. Rac1 Qb7 19. Qxe6+ Kd8 20. Qe7+ 1-0

[Event "Open Est 2015-2016"]
[Site "Aubagne"]
[Date "2015.09.26"]
[Round "2.14"]
[White "De Albera, Pierre"]
[Black "Garbe, Georges"]
[Result "1-0"]
[WhiteElo "1420"]
[BlackElo "1190"]
[PlyCount "53"]
[EventDate "2015.10.10"]
[WhiteTeam "ASPTT Marseille"]
[BlackTeam "Cercle d'Echecs Aubagnais"]

1. Nf3 c5 2. Nc3 d6 3. g3 Nc6 4. Bg2 Nf6 5. O-O g6 6. d3 Bg7 7. Bg5 O-O 8. Qc1
Be6 9. Bh6 Ne8 10. h4 a6 11. Bxg7 Nxg7 12. Ng5 h5 13. e4 Rb8 14. Nxe6 Nxe6 15.
Qh6 Ng7 16. Ne2 Ne5 17. Bh3 f6 18. Kg2 Qe8 19. Qd2 Qd8 20. f4 Nc6 21. a3 Qa5
22. Nc3 Nd4 23. f5 Qb6 24. Rab1 Qc7 25. fxg6 Nb3 26. Qh6 e6 27. Qh7# 1-0

[Event "Open Est 2015-2016"]
[Site "Aubagne"]
[Date "2015.09.26"]
[Round "2.15"]
[White "Masson, Wally"]
[Black "Benezra, David"]
[Result "0-1"]
[WhiteElo "1194"]
[BlackElo "1418"]
[PlyCount "47"]
[EventDate "2015.10.10"]
[WhiteTeam "Cercle d'Echecs Aubagnais"]
[BlackTeam "L'Echiquier du Roy René"]

1. e4 c5 2. Nf3 e6 3. Bc4 a6 4. O-O b5 5. Be2 Bb7 6. e5 Qc7 7. d4 cxd4 8. Nxd4
Qxe5 9. Bf3 d5 10. Re1 Qf6 11. Nc3 Ne7 12. Bg4 Nbc6 13. Nf3 h6 14. Be3 Rd8 15.
Bf4 Rd7 16. Qe2 Ng6 17. Bh5 Nxf4 18. Bxf7+ Rxf7 19. Qd2 Bb4 20. Nd4 Qg5 21. f3
Nh3+ 22. Kf1 Qxd2 23. gxh3 Nxd4 24. Re3 0-1